| 000 | 00325nam a2200133 a 4500 | ||
|---|---|---|---|
| 001 | 4038 | ||
| 003 | CDMR | ||
| 005 | 20130116135251.0 | ||
| 008 | 130130s2004||||||||||||||||||||||||||||d | ||
| 040 |
_aCDMR _bcat _cCDMR |
||
| 245 | 0 |
_aAnuario 2003 _bIII De los hechos |
|
| 260 |
_aBarcelona _c2004 _bDifusora Internacional |
||
| 942 | _cMON | ||
| 999 |
_c4038 _d4038 |
||